| 000 | 00452nam a22001697a 4500 | ||
|---|---|---|---|
| 003 | CEME | ||
| 005 | 20210628205256.0 | ||
| 008 | 210225b xxu||||| |||| 00| 0 eng d | ||
| 040 | _c. | ||
| 082 | _a297.63 HAK'H | ||
| 100 |
_aHakal, Muhammad Hussain _974720 |
||
| 245 | _aHayat-e-muhammad _ pbuh | ||
| 260 |
_aLAHORE _bIDERA-SAKAFUT _c1993 |
||
| 300 | _a744P | ||
| 650 |
_aISLAM-BIOGRAPHY-PROPHET MUHAMMAD PEACE BE UPON HIM _9876 |
||
| 942 |
_cBK _2ddc |
||
| 999 |
_c580218 _d580218 |
||